Survivor Contestants from Arizona - Statistics

General Stats
  • This quiz has been taken 6 times
  • The average score is 9 of 10
Answer Stats
Hint Answer % Correct
44, 6th Jamie Lynn Ruiz
100%
Nicaragua, 8th Kelly Shinn
100%
David vs Goliath, 16th Natalia Azoqa
100%
47, 13th Rome Cooney
100%
Blood vs Water, 7th Hayden Moss
80%
Worlds Apart, 10th Joe Anglim
80%
Micronesia, 16th Joel Anderson
80%
Panama, 10th Nick Stanbury
80%
Marquesas, 7th Tammy Leitner
80%
Thailand, 11th Robb Zbacnik
60%
No matching quizzes found
Score Distribution
Percent of People with Each Score
Percentile by Number Answered
Your Score History
You have not taken this quiz